| Tag |
First Indicator |
Second Indicator |
Subfields |
| LEADER |
00000ctm a2200000Ka 4500 |
| 001 |
in00004532016 |
| 005 |
20191205081644.0 |
| 008 |
950922s1994 xx a bm 000 0 ger d |
| 015 |
|
|
|a 95,H05,1715
|2 dnb
|
| 016 |
7 |
|
|a 944102417
|2 DE-101
|
| 019 |
|
|
|a 33228126
|
| 035 |
|
|
|a (OCoLC)ocm33189344
|
| 035 |
|
|
|a (OCoLC)33189344
|z (OCoLC)33228126
|
| 035 |
|
|
|z (UtOrBLW)61812
|
| 035 |
|
|
|a 88915
|
| 040 |
|
|
|a UIU
|b eng
|c UIU
|d OCLCQ
|d HEBIS
|d OCLCQ
|d UtOrBLW
|
| 041 |
0 |
|
|a ger
|b eng
|
| 049 |
|
|
|a TMVM
|
| 092 |
0 |
|
|a 636.089
|b Tam94sd
|2 20
|
| 100 |
1 |
|
|a Schmid, Petra,
|d 1963-
|
| 245 |
1 |
0 |
|a Untersuchung der biologischen Bedeutung der Selektine auf die Leukozyten/Endothel-Interaktion :
|b eine intravitalmikroskopische Untersuchung an der Maus /
|c von Petra Schmid.
|
| 264 |
|
1 |
|a [Place of publication not identified] :
|b [publisher not identified],
|c 1994.
|
| 300 |
|
|
|a 119 pages :
|b illustrations ;
|c 21 cm.
|
| 336 |
|
|
|a text
|2 rdacontent
|b txt
|
| 337 |
|
|
|a unmediated
|2 rdamedia
|
| 338 |
|
|
|a volume
|2 rdacarrier
|b nc
|
| 500 |
|
|
|a Summary in English.
|
| 500 |
|
|
|a Vita.
|
| 502 |
|
|
|b doctoral
|c Ludwig-Maximilians-Universität München
|d 1994.
|
| 504 |
|
|
|a Includes bibliographical references (pages 99-116).
|
| 999 |
|
|
|a MARS
|
| 999 |
f |
f |
|s ee5e5e6c-255c-3411-82fb-c0e29531284d
|i 3186a5a0-83cc-3d31-8122-1f13cb93c172
|t 0
|
| 952 |
f |
f |
|p preservation
|a Texas A&M University
|b J.J. Pickle Campus
|c High Density Repository
|d Remote Storage
|t 0
|e German dissertations
|h Other scheme
|i unmediated -- volume
|m 3238902446277
|
| 998 |
f |
f |
|a German dissertations
|t 0
|l Remote Storage
|